[Event "Cheliabinsk Panchenko Memorial op-A"]
[Site "Cheliabinsk"]
[Date "2021.09.13"]
[Round "1"]
[White "Sabirov, Timur"]
[Black "Palachev, Petr"]
[Result "0-1"]
[WhiteElo "1834"]
[BlackElo "2336"]
[PlyCount "86"]
[EventDate "2021.09.13"]
[EventType "swiss"]
[EventRounds "10"]
[EventCountry "RUS"]
[SourceTitle "CBM 204 Extra"]
[Source "ChessBase"]
[SourceDate "2021.11.30"]
[SourceVersion "1"]
[SourceVersionDate "2021.11.30"]
[SourceQuality "1"]

1. d4 Nf6 2. c4 e6 3. g3 d5 4. Bg2 dxc4 5. Nf3 a6 6. 0-0 Nc6 7. e3 Bd7 8. Ne5 Nxe5 9. dxe5 Nd5 10. Bxd5 exd5 11. Qxd5 Bc6 12. Qxd8+ Rxd8 13. Bd2 h5 14. h3 Rh6 15. Bc3 Bc5 16. Nd2 b5 17. b4 Rd3 18. Rac1 Rxc3 19. Rxc3 Bxb4 20. Rc2 Bxd2 21. Rxd2 Bf3 22. Re1 c3 23. Rd3 Rc6 24. Rc1 b4 25. e4 Be2 26. Rd5 Rc4 27. Kg2 c5 28. f3 c2 29. Kf2 Bd1 30. Ke3 a5 31. Rd3 a4 32. f4 Ke7 33. f5 g5 34. h4 g4 35. f6+ Ke6 36. Rd6+ Kxe5 37. Rd5+ Kxf6 38. Rd6+ Ke7 39. Rb6 Rc3+ 40. Kf4 b3 41. a3 c4 42. Ke5 Rd3 43. Rb7+ Rd7 0-1

[Event "Nezhmetdinov Memorial 43rd"]
[Site "Kazan"]
[Date "2021.06.04"]
[Round "8"]
[White "Maiorov, Nikita"]
[Black "Palachev, Petr"]
[Result "1/2-1/2"]
[WhiteElo "2477"]
[BlackElo "2342"]
[PlyCount "89"]
[EventDate "2021.05.29"]
[EventType "swiss"]
[EventRounds "9"]
[EventCountry "RUS"]
[SourceTitle "CBM 203 Extra"]
[Source "ChessBase"]
[SourceDate "2021.09.30"]
[SourceVersion "1"]
[SourceVersionDate "2021.09.30"]
[SourceQuality "1"]

1. d4 Nf6 2. c4 e6 3. Nf3 d5 4. Nc3 Bb4 5. Bg5 h6 6. Bxf6 Qxf6 7. Qa4+ Nc6 8. e3 0-0 9. Be2 dxc4 10. 0-0 Bd7 11. Bxc4 Qe7 12. Qc2 Rfc8 13. a3 Bxc3 14. Qxc3 Nd8 15. b4 a5 16. Ne5 axb4 17. axb4 Be8 18. h3 Nc6 19. Nd3 Na7 20. Rfc1 Nb5 21. Qb2 Nd6 22. Bb3 Bc6 23. Nf4 Rxa1 24. Rxa1 Re8 25. Ra5 Bb5 26. Qc2 c6 27. Ra1 Nf5 28. Nxe6 Nxe3 29. fxe3 fxe6 30. Qg6 Qf7 31. Qe4 Kh8 32. Bc2 Qf5 33. Qxf5 exf5 34. Bxf5 g6 35. Bxg6 Rxe3 36. Bf5 Kg7 37. Bc8 Rd3 38. Re1 Rxd4 39. Re7+ Kf6 40. Re6+ Kg7 41. Re7+ Kf6 42. Re6+ Kg7 43. Re7+ Kf6 44. Re6+ Kg7 45. Re7+ 1/2-1/2

[Event "Titled Tuesday intern op 01st June"]
[Site "Chess.com INT"]
[Date "2021.06.01"]
[Round "8"]
[White "Palachev, Petr"]
[Black "Lagunow, Raphael"]
[Result "1/2-1/2"]
[WhiteElo "2342"]
[BlackElo "2378"]
[PlyCount "102"]
[EventDate "2021.06.01"]
[EventType "swiss (blitz)"]
[EventRounds "11"]
[EventCountry "USA"]
[SourceTitle "CBM 202 Extra"]
[Source "ChessBase"]
[SourceDate "2021.07.31"]
[SourceVersion "1"]
[SourceVersionDate "2021.07.31"]
[SourceQuality "1"]

1. b3 a5 2. Nc3 g6 3. e3 Bg7 4. h4 h5 5. d4 d5 6. a4 Nf6 7. Ba3 0-0 8. Nf3 Nbd7 9. Bd3 Re8 10. Ne5 c5 11. Nxd7 Nxd7 12. Nxd5 e6 13. Nf4 cxd4 14. e4 Ne5 15. g3 b6 16. 0-0 Bb7 17. Re1 Rc8 18. Bb5 Bc6 19. Bxc6 Nxc6 20. Nd3 e5 21. Rc1 Qd7 22. Kg2 Red8 23. Qf3 Qe6 24. Nb2 Bf8 25. Bxf8 Rxf8 26. Nc4 Nb4 27. c3 Na2 28. Rc2 Nxc3 29. Rxc3 dxc3 30. Qxc3 Rc5 31. Rd1 Rfc8 32. Qe3 R5c6 33. Rd5 Rxc4 34. bxc4 Rxc4 35. Rb5 Qc6 36. Rxe5 Kg7 37. Qf4 Qf6 38. Qxf6+ Kxf6 39. Rb5 Rxe4 40. Rxb6+ Kg7 41. Ra6 Rxa4 42. Kf3 Ra2 43. Ke3 a4 44. f3 a3 45. Kf4 Ra1 46. Kg5 a2 47. Kf4 f6 48. Ra7+ Kh6 49. Ra6 Kg7 50. Ra7+ Kh6 51. Ra6 Kg7 1/2-1/2

[Event "Titled Tuesday intern op 01st June"]
[Site "Chess.com INT"]
[Date "2021.06.01"]
[Round "5"]
[White "Palachev, Petr"]
[Black "Rusan, Paul Cristian"]
[Result "1-0"]
[WhiteElo "2342"]
[BlackElo "2106"]
[PlyCount "71"]
[EventDate "2021.06.01"]
[EventType "swiss (blitz)"]
[EventRounds "11"]
[EventCountry "USA"]
[SourceTitle "CBM 202 Extra"]
[Source "ChessBase"]
[SourceDate "2021.07.31"]
[SourceVersion "1"]
[SourceVersionDate "2021.07.31"]
[SourceQuality "1"]

1. b3 e5 2. Bb2 Nc6 3. e3 Nf6 4. Bb5 Bd6 5. Na3 Na5 6. c4 c6 7. Ba4 Qe7 8. Nc2 a6 9. Bc3 b5 10. Bxa5 bxa4 11. bxa4 e4 12. Ne2 Be5 13. Bc3 d5 14. Bxe5 Qxe5 15. cxd5 cxd5 16. d4 exd3 17. Qxd3 0-0 18. Ncd4 a5 19. 0-0 Ba6 20. Qa3 Ng4 21. Nf3 Qh5 22. Ng3 Qh6 23. Rfd1 Rfd8 24. Rd4 Nf6 25. Nf5 Qh5 26. Ne7+ Kh8 27. Rh4 Qxh4 28. Nxh4 d4 29. exd4 Rxd4 30. Nf3 Rd3 31. Qc5 Rad8 32. h3 Ne4 33. Qxa5 Rd1+ 34. Rxd1 Rxd1+ 35. Kh2 Be2 36. Qa8+ 1-0

[Event "Nezhmetdinov Memorial 43rd"]
[Site "Kazan"]
[Date "2021.05.30"]
[Round "3"]
[White "Palachev, Petr"]
[Black "Aleksandrov, Aleksej"]
[Result "0-1"]
[WhiteElo "2342"]
[BlackElo "2552"]
[PlyCount "134"]
[EventDate "2021.05.29"]
[EventType "swiss"]
[EventRounds "9"]
[EventCountry "RUS"]
[SourceTitle "CBM 203 Extra"]
[Source "ChessBase"]
[SourceDate "2021.09.30"]
[SourceVersion "1"]
[SourceVersionDate "2021.09.30"]
[SourceQuality "1"]

1. d4 d5 2. c4 e6 3. Nf3 a6 4. Bg5 Be7 5. Bxe7 Qxe7 6. Nbd2 Nf6 7. Rc1 c6 8. g3 Nbd7 9. Bg2 b6 10. 0-0 Bb7 11. cxd5 exd5 12. Qb3 0-0 13. e3 a5 14. Rfe1 Rfe8 15. Nb1 Rab8 16. Nc3 g6 17. Nd2 c5 18. Qa3 Kf8 19. dxc5 Qxc5 20. Nb5 Qxa3 21. bxa3 Rec8 22. Nb3 Rxc1 23. Rxc1 Rc8 24. Rxc8+ Bxc8 25. Nc3 Bb7 26. Kf1 Ke7 27. Ke2 Ne5 28. Nd4 Nc4 29. Ncb5 Ne4 30. Bxe4 dxe4 31. Ke1 Kd7 32. Nc2 f5 33. h4 Bd5 34. Nc3 Kd6 35. Kd1 Ke5 36. Kc1 Bf7 37. Na4 h6 38. Nc3 g5 39. hxg5 hxg5 40. Na4 Be8 41. Nb2 Nd6 42. a4 Bf7 43. a3 f4 44. gxf4+ gxf4 45. exf4+ Kxf4 46. Kd2 Nf5 47. Kc3 Kf3 48. Nd4+ Nxd4 49. Kxd4 Bb3 50. Kc3 Bd5 51. Kd4 Bc6 52. Nc4 Kxf2 53. Ne3 Kg3 54. Nc4 Kf2 55. Ne3 Kf3 56. Nc4 Kf4 57. Nb2 Be8 58. Nc4 Bxa4 59. Nxb6 Bb3 60. Nd7 e3 61. Ne5 e2 62. Nd3+ Kf3 63. Ne5+ Kg2 64. Nd3 Kf1 65. Kc3 Bd5 66. Kd2 Be4 67. Ne1 a4 0-1